[Event "Hastings Weekend op-B"]
[Site "Hastings"]
[Date "2024.01.06"]
[Round "3"]
[White "Lawrence Cade, Jack"]
[Black "Figueroa, Edison"]
[Result "1/2-1/2"]
[WhiteElo "1649"]
[BlackElo "1738"]
[PlyCount "89"]
[EventDate "2024.01.06"]
[EventType "swiss"]
[EventRounds "5"]
[EventCountry "ENG"]
[SourceTitle "CBM 218 Extra"]
[Source "ChessBase"]
[SourceDate "2024.03.31"]
[SourceVersion "1"]
[SourceVersionDate "2024.03.31"]
[SourceQuality "1"]

1. Nf3 c5 2. g3 Nc6 3. d4 cxd4 4. Nxd4 Nf6 5. Bg2 g6 6. 0-0 Bg7 7. c4 0-0 8. Nc3 a6 9. Nc2 d6 10. e4 Be6 11. Qe2 Rc8 12. Bd2 Qd7 13. Nd5 Bxd5 14. cxd5 Ne5 15. Ne3 Qa4 16. b3 Qd4 17. f3 Rc2 18. Rfd1 Bh6 19. Kh1 Rxd2 20. Qxd2 Qxd2 21. Rxd2 Bxe3 22. Rc2 Bb6 23. Rd1 a5 24. Rc3 Bc5 25. Bh3 b5 26. Kg2 b4 27. Rc2 Ra8 28. Re2 a4 29. f4 Neg4 30. Kf3 axb3 31. axb3 Ra3 32. Rb1 h5 33. Bf1 Nd7 34. h3 Ngf6 35. Rc2 Nb6 36. Bb5 e6 37. dxe6 fxe6 38. Bc6 Nfd7 39. g4 hxg4+ 40. hxg4 e5 41. f5 Kg7 42. Rd2 Nc4 43. Rd3 Ndb6 44. g5 gxf5 45. exf5 1/2-1/2

[Event "Hastings Weekend op"]
[Site "Hastings"]
[Date "2023.01.08"]
[Round "4"]
[White "Figueroa, Edison"]
[Black "Moore, Garfield"]
[Result "1/2-1/2"]
[WhiteElo "1762"]
[BlackElo "1888"]
[PlyCount "80"]
[EventDate "2023.01.07"]
[EventType "swiss"]
[EventRounds "5"]
[EventCountry "ENG"]
[SourceTitle "CBM 212 Extra"]
[Source "ChessBase"]
[SourceDate "2023.03.31"]
[SourceVersion "1"]
[SourceVersionDate "2023.03.31"]
[SourceQuality "1"]

1. e4 c5 2. d4 cxd4 3. c3 Nc6 4. Nf3 d3 5. Bxd3 d5 6. e5 Qc7 7. Bb5 a6 8. Qa4 Bd7 9. Bf4 e6 10. 0-0 Bc5 11. Nbd2 Nge7 12. Nb3 Ba7 13. Bxc6 Bxc6 14. Qa3 b5 15. Nbd4 Bb7 16. Rfe1 Ng6 17. Bg3 Bc5 18. Qb3 0-0 19. h4 h6 20. h5 Ne7 21. Qc2 Rfc8 22. a3 Qb6 23. Qd2 Nc6 24. Bf4 Bf8 25. g4 Nxd4 26. Nxd4 Rc4 27. g5 hxg5 28. Bxg5 Rac8 29. Qf4 Bc5 30. Rad1 Bxd4 31. cxd4 Kh7 32. Qxf7 Rxd4 33. Rxd4 Qxd4 34. Qxb7 Qg4+ 35. Kf1 Qh3+ 36. Ke2 Rc2+ 37. Bd2 Qg4+ 38. Kf1 Rxd2 39. Qf7 Qh3+ 40. Kg1 Rd4 1/2-1/2

[Event "Leamington Spa 4NCL op-B 28th"]
[Site "Leamington Spa"]
[Date "2022.07.09"]
[Round "3"]
[White "Acharya, Kandara"]
[Black "Figueroa, Edison"]
[Result "0-1"]
[WhiteElo "1748"]
[BlackElo "1888"]
[PlyCount "54"]
[EventDate "2022.07.08"]
[EventType "swiss"]
[EventRounds "5"]
[EventCountry "ENG"]
[SourceTitle "CBM 209 Extra"]
[Source "ChessBase"]
[SourceDate "2022.09.30"]
[SourceVersion "1"]
[SourceVersionDate "2022.09.30"]
[SourceQuality "1"]

1. e4 e5 2. Nf3 d5 3. exd5 Bd6 4. Bb5+ c6 5. dxc6 Nxc6 6. d3 Nf6 7. h3 0-0 8. 0-0 Qc7 9. Nc3 a6 10. Bxc6 Qxc6 11. Bg5 Nd5 12. Nxd5 Qxd5 13. Qe2 h6 14. Bd2 f5 15. c4 Qe6 16. Rfe1 Re8 17. Bc3 e4 18. dxe4 fxe4 19. Nh2 Qg6 20. Qe3 Bd7 21. Rad1 Bc6 22. c5 Bc7 23. Nf1 Rf8 24. Ng3 Bf4 25. Qd4 e3 26. Qd3 exf2+ 27. Kxf2 Bxg3+ 0-1

[Event "London Classic op U1825 11th"]
[Site "London"]
[Date "2019.12.01"]
[Round "4"]
[White "Ozturan, Cem"]
[Black "Figueroa, Edison"]
[Result "1/2-1/2"]
[WhiteElo "1713"]
[BlackElo "1768"]
[PlyCount "70"]
[EventDate "2019.11.29"]
[EventType "swiss"]
[EventRounds "5"]
[EventCountry "ENG"]
[SourceTitle "CBM 195 Extra"]
[Source "ChessBase"]
[SourceDate "2020.05.31"]
[SourceVersion "1"]
[SourceVersionDate "2020.05.31"]
[SourceQuality "1"]

1. d4 Nf6 2. Nf3 e6 3. g3 c5 4. Bg2 cxd4 5. 0-0 Nc6 6. Nxd4 a6 7. c4 Bc5 8. Nb3 Ba7 9. Nc3 0-0 10. e4 d6 11. Bg5 h6 12. Bxf6 Qxf6 13. Qxd6 Ne5 14. Qd1 Nxc4 15. Qe2 Ne5 16. Rad1 Bd7 17. Na5 b5 18. a3 Bb6 19. Nb3 Bc6 20. Nd2 Rac8 21. Kh1 Rfd8 22. f4 Nd3 23. e5 Qe7 24. Bxc6 Rxc6 25. Nde4 Nc5 26. Rxd8+ Qxd8 27. Rd1 Qa8 28. Qg2 Nxe4 29. Qxe4 Qc8 30. Qf3 Rc4 31. Rd3 Qc5 32. Kg2 a5 33. b3 Qg1+ 34. Kh3 Rc8 35. Qd1 Qc5 1/2-1/2

[Event "Crawley e2e4 Gatwick op U1950"]
[Site "Crawley"]
[Date "2016.02.21"]
[Round "4"]
[White "Figueroa, Edison"]
[Black "Nettleton, Charlie"]
[Result "0-1"]
[WhiteElo "1782"]
[BlackElo "1928"]
[PlyCount "86"]
[EventDate "2016.02.19"]
[EventType "swiss"]
[EventRounds "5"]
[EventCountry "ENG"]
[SourceTitle "EXT 2019"]
[Source "ChessBase"]
[SourceDate "2018.10.10"]
[SourceVersion "1"]
[SourceVersionDate "2018.10.10"]
[SourceQuality "1"]

1. e4 b6 2. d4 Bb7 3. Nd2 g6 4. Ngf3 Bg7 5. Bc4 e6 6. c3 Ne7 7. 0-0 0-0 8. Re1 a6 9. Nf1 b5 10. Bd3 d6 11. h3 c5 12. Ne3 h6 13. Ng4 Kh7 14. Be3 Nd7 15. a4 b4 16. Qd2 bxc3 17. bxc3 Ng8 18. Reb1 Qc7 19. h4 c4 20. Bc2 Ndf6 21. Nfh2 Nxe4 22. Qe1 Nef6 23. f3 h5 24. Nf2 Ne7 25. Nh3 Nf5 26. Ng5+ Kg8 27. Bxf5 exf5 28. Qg3 Nd5 29. Bd2 Rfe8 30. Re1 Bc6 31. Nf1 Rxe1 32. Qxe1 Re8 33. Qf2 Qb6 34. a5 Qb2 35. Rc1 Qa2 36. Ng3 Qxa5 37. Nxh5 gxh5 38. Qg3 f4 39. Bxf4 Nxc3 40. Rc2 Ne2+ 41. Rxe2 Rxe2 42. Ne4 Bxe4 43. fxe4 Qe1+ 0-1

[Event "Crawley e2e4 Gatwick op U1950"]
[Site "Crawley"]
[Date "2016.02.20"]
[Round "3"]
[White "Brown, Terry"]
[Black "Figueroa, Edison"]
[Result "0-1"]
[WhiteElo "1557"]
[BlackElo "1782"]
[PlyCount "94"]
[EventDate "2016.02.19"]
[EventType "swiss"]
[EventRounds "5"]
[EventCountry "ENG"]
[SourceTitle "EXT 2019"]
[Source "ChessBase"]
[SourceDate "2018.10.10"]
[SourceVersion "1"]
[SourceVersionDate "2018.10.10"]
[SourceQuality "1"]

1. d4 c6 2. Nf3 d6 3. Bf4 Qb6 4. Qc1 Bg4 5. c3 Nd7 6. Nbd2 Ngf6 7. e3 Rc8 8. Bd3 Qc7 9. h3 Bh5 10. Qc2 e5 11. Bh2 Be7 12. 0-0 0-0 13. Ng5 Bg6 14. Bxg6 hxg6 15. f4 Nd5 16. Rae1 Bxg5 17. fxg5 c5 18. Qb3 c4 19. Qc2 b5 20. a3 Rce8 21. Ne4 Re6 22. Rf3 Qc6 23. Rd1 exd4 24. Rxd4 Ne5 25. Bxe5 Rxe5 26. Qd2 Rfe8 27. h4 R8e6 28. g4 Rxe4 29. Rxd5 Rxg4+ 30. Kf2 Rxh4 31. Kg3 Rhe4 32. Kf2 R4e5 33. Rxe5 Rxe5 34. Rg3 Rf5+ 35. Kg1 Qd5 36. Qd4 Rxg5 37. Rxg5 Qxg5+ 38. Kh1 Qc5 39. Qe4 Qc8 40. Kg2 Qd7 41. Kg3 d5 42. Qe5 f6 43. Qb8+ Kh7 44. Kf3 Qf5+ 45. Ke2 Qc2+ 46. Kf3 Qxb2 47. Kg4 Qe2+ 0-1